000 00367nam a2200145Ia 4500
008 191206s9999 xx 000 0 und d
020 _a23788909
090 _aHD31.M17
245 0 _aManagement: foundations and practices
250 _a5th ed.
260 _aMacmillan
260 _ccc1979
300 _a"ix, 657 p. : ill. ; 24 cm."
999 _c16423
_d16423